000 00754nas a2200253 4500
001 BR8806992
003 BR-BrBNA
005 20231205091357.0
007 ta
008 230509b bl.|||p| |||| 00| 00por d
040 _aBR-BrBNA
_bpor
_cBiblioteca Nacional de Agricultura
041 _a(Pt)
072 _aL10
100 1 _aPolastre, R.
245 1 _aEfeitos da consanguinidade sobre a performance de bovinos de leite
650 _aCONSANGUINIDADE
650 _aREPRODUCAO ANIMAL
650 _aGENETICA ANIMAL
650 _aDISTURBIO GENETICO
650 _aGRUPO SANGUINEO
773 0 _tGado Holandes (Brazil)
_xISSN 0101-7977
_g(Dec 1987), v. 52(145) p. 97-103
_wBR8806992
909 _a202311
_bLúcia
_c55
_dLúcia Elande
942 _2AGRIS
_n0
_cANA
999 _c124676
_d124676